Experimentálny nástroj aktívnej politiky zamestnanosti

Projekty na podporu vytvárania aktívnej politiky zamestnanosti v regiónoch Slovenska. Projekt Nadácie práce ZTS v regióne Turiec. Vznik organizácie Združenie pre nadáciu práce Martin (ZPNP). Zameranie činnosti Združenia a jeho ciele. Profesiová orientácia a poradenstvo v ZPNP. Kurz profesiovej orien...

Full description

Saved in:
Bibliographic Details
Main Author: Šimková, Ľ.
Format: Book Chapter
Language:Slovak
Subjects:
Tags: Add Tag
No Tags, Be the first to tag this record!

MARC

LEADER 00000naa a2200000 4500
001 r024014
005 20221205090754.1
041 0 |a slo 
044 |a SK 
245 1 0 |a Experimentálny nástroj aktívnej politiky zamestnanosti  |c Ľ. Šimková 
520 |a Projekty na podporu vytvárania aktívnej politiky zamestnanosti v regiónoch Slovenska. Projekt Nadácie práce ZTS v regióne Turiec. Vznik organizácie Združenie pre nadáciu práce Martin (ZPNP). Zameranie činnosti Združenia a jeho ciele. Profesiová orientácia a poradenstvo v ZPNP. Kurz profesiovej orientácie (KPO). Štruktúra skupiny účastníkov KPO. Polročná činnosť Združenia pre nadáciu práce Martin. 
610 2 0 |a politika zamestnanosti 
610 2 0 |a regióny 
610 2 0 |a Martin 
610 2 0 |a programy rozvojové 
610 2 0 |a nadácie 
610 2 0 |a kurzy 
610 2 0 |a poradenstvo profesionálne 
610 2 0 |a poradenstvo 
100 1 |a Šimková, Ľ.